000 00480nam a2200181Ia 4500
001 11413
005 20260306162826.0
008 260306t1971||||xx |||||||||||||| ||spa||
041 _aESP
082 _a985.04
_bV19
100 _aValdez y Palacios, Jose Manuel
_eAUT
245 0 _aBosquejo sobre el estado político, moral y literario del Perú en sus tres grandes épocas
260 _c1971
300 _a
_c
650 _aGEN
654 _aCHU
942 _cLIB
_dJUS
_fJUS
_2ddc
_n
999 _c11413
_d11413